000 00402nam a2200169Ia 4500
003 GCL
005 20240530100415.0
008 140319s9999 xx 000 0 eng d
040 _aGCL /
_cGCL
082 0 4 _a759
_bT D
100 1 _aTIBI, DORA PEREZ.
245 1 0 _aDUFY /
_cTIBI, DORA PEREZ.
260 _a[S.N] :
_bTHAMES AND HUDSON ،
_c1989
300 _a338
650 0 4 _aARTS
942 _2ddc
_cBK
999 _c17381
_d17381